000 00319nam a22001337a 4500
008 171107b xxu||||| |||| 00| 0 eng d
020 _a9780130342270
041 _aeng
080 _212 ED
_a330.722.6
100 _a62
101 _aKON
245 _aINTRODUCTION TO MANGEMENT ACCOUTING
_cSUNDEM.H
942 _2udc
_cBK
999 _c38055
_d38055